K-pop Demon Hunters Missing Lyrics #1 - Statistics

General Stats
  • This quiz has been taken 161 times
  • The average score is 6 of 10
Answer Stats
Lyrics Missing Lyrics % Correct
My little soda ___ Pop
99%
I'm done hiding now I'm shining like I'm ____ to be Born
94%
I broke into a _______ pieces, and I can't go back Million
83%
We can't fix it if we never ____ it Face
62%
Time to put you in your place, 'cause you're ______ within Rotten
62%
Keeping you in _____ Check
59%
Why did we cover up the ______ stuck inside our head? Colors
53%
Yeah, something about when you come for the _____ Crown
33%
I got you on my _____, soon you're gonna be with me Radar
17%
I'm feeling all your _________ on me Attention
8%
No matching quizzes found
Score Distribution
Percent of People with Each Score
Percentile by Number Answered
Your Score History
You have not taken this quiz